| 000 | 00385pab a2200145 454500 | ||
|---|---|---|---|
| 008 | 180718b1987 xxu||||| |||| 00| 0 eng d | ||
| 100 | _aDas, G.S. | ||
| 245 |
_aConflict management styles of efficient branch managers _bAs perceived by others |
||
| 260 | _c1987 | ||
| 300 | _a30-8 | ||
| 362 | _aSept. | ||
| 650 | _aManagement | ||
| 773 | _aASCI Journal of Management | ||
| 909 | _a12988 | ||
| 999 |
_c12988 _d12988 |
||